| 000 | 00415nam a2200169Ia 4500 | ||
|---|---|---|---|
| 003 | LK-CoDNM | ||
| 008 | 010623t xxu||||| |||| 00| 1 sin d | ||
| 040 |
_aLK-CoDNM _dLK-CoDNM _eLK-CoDNM |
||
| 041 | _asin | ||
| 080 | _a133.52 | ||
| 245 | _aකන්ද කුමාර දේව පුජා | ||
| 246 | _aKanda Kumara deeva Puujaa | ||
| 260 | _b? | ||
| 300 | _b9p., 22 cm | ||
| 650 | _aAstrology | ||
| 942 | _cBK | ||
| 999 |
_c137728 _d137728 |
||